<?xml version="1.0" encoding="UTF-8"?>
<record
    xmlns:xsi="http://www.w3.org/2001/XMLSchema-instance"
    xsi:schemaLocation="http://www.loc.gov/MARC21/slim http://www.loc.gov/standards/marcxml/schema/MARC21slim.xsd"
    xmlns="http://www.loc.gov/MARC21/slim">

  <leader>01592nam a2200289   4500</leader>
  <controlfield tag="001">96</controlfield>
  <controlfield tag="003">OSt</controlfield>
  <controlfield tag="005">20250124091635.0</controlfield>
  <controlfield tag="008">250124b        |||||||g |||| 00| j eng d</controlfield>
  <datafield tag="020" ind1=" " ind2=" ">
    <subfield code="a">8571642877</subfield>
  </datafield>
  <datafield tag="040" ind1=" " ind2=" ">
    <subfield code="b">por</subfield>
  </datafield>
  <datafield tag="041" ind1=" " ind2=" ">
    <subfield code="h">ita</subfield>
    <subfield code="a">por</subfield>
  </datafield>
  <datafield tag="082" ind1=" " ind2=" ">
    <subfield code="a">853</subfield>
    <subfield code="b">C168a</subfield>
  </datafield>
  <datafield tag="100" ind1="1" ind2=" ">
    <subfield code="a">Calvino, Italo,</subfield>
    <subfield code="d">1923-1985</subfield>
    <subfield code="9">212</subfield>
  </datafield>
  <datafield tag="240" ind1=" " ind2=" ">
    <subfield code="a">Gli amori difficili</subfield>
  </datafield>
  <datafield tag="245" ind1=" " ind2=" ">
    <subfield code="a">Os amores dif&#xED;ceis /</subfield>
    <subfield code="c">Calvino, Italo ; Tradu&#xE7;&#xE3;o de Raquel Ramalhete</subfield>
  </datafield>
  <datafield tag="260" ind1=" " ind2=" ">
    <subfield code="a">S&#xE3;o Paulo</subfield>
    <subfield code="b">Companhia das Letras</subfield>
    <subfield code="c">2001</subfield>
  </datafield>
  <datafield tag="300" ind1=" " ind2=" ">
    <subfield code="a">258 p.</subfield>
  </datafield>
  <datafield tag="520" ind1=" " ind2=" ">
    <subfield code="a">Um soldado t&#xED;mido tenta seduzir uma vi&#xFA;va durante uma viagem de trem; uma respeit&#xE1;vel senhora vive o drama de perder a parte de baixo de seu mai&#xF4; no mar quando a praia est&#xE1; cheia; um leitor oscila entre a realidade densa da fic&#xE7;&#xE3;o e a fantasia er&#xF3;tica da realidade; um m&#xED;ope enfrenta as ambig&#xFC;idades do uso de &#xF3;culos; uma esposa descobre o adult&#xE9;rio e o mundo no botequim da esquina; um bandido e o sargento que o procura resolvem passar a noite na cama da mesma prostituta. Mestre da narrativa curta, aqui Italo Calvino parece revisitar a obra de Maupassant e Tchekhov, por&#xE9;m o mais importante para ele &#xE9; sempre um desenho geom&#xE9;trico, um jogo combinat&#xF3;rio, uma estrutura de simetrias e oposi&#xE7;&#xF5;es, um tabuleiro de xadrez em que os movimentos das pe&#xE7;as brancas e negras dialogam em cad&#xEA;ncia de bal&#xE9;.</subfield>
  </datafield>
  <datafield tag="650" ind1=" " ind2="0">
    <subfield code="a">Literatura italiana</subfield>
    <subfield code="9">164</subfield>
  </datafield>
  <datafield tag="650" ind1=" " ind2="0">
    <subfield code="a">Historias curtas </subfield>
    <subfield code="9">67</subfield>
  </datafield>
  <datafield tag="650" ind1=" " ind2="0">
    <subfield code="a">Amor e Paix&#xE3;o</subfield>
    <subfield code="9">25</subfield>
  </datafield>
  <datafield tag="650" ind1=" " ind2="0">
    <subfield code="a">Cl&#xE1;ssicos</subfield>
    <subfield code="9">77</subfield>
  </datafield>
  <datafield tag="655" ind1=" " ind2="0">
    <subfield code="a">Conto</subfield>
    <subfield code="9">68</subfield>
  </datafield>
  <datafield tag="700" ind1=" " ind2=" ">
    <subfield code="a">Raquel Ramalhete</subfield>
    <subfield code="e">Tradutor</subfield>
    <subfield code="9">213</subfield>
  </datafield>
  <datafield tag="942" ind1=" " ind2=" ">
    <subfield code="2">ddc</subfield>
    <subfield code="n">0</subfield>
    <subfield code="c">BK</subfield>
  </datafield>
  <datafield tag="952" ind1=" " ind2=" ">
    <subfield code="0">0</subfield>
    <subfield code="1">0</subfield>
    <subfield code="2">ddc</subfield>
    <subfield code="4">0</subfield>
    <subfield code="7">0</subfield>
    <subfield code="8">FIC</subfield>
    <subfield code="a">BIBIB</subfield>
    <subfield code="b">BIBIB</subfield>
    <subfield code="c">LE</subfield>
    <subfield code="d">2002-08-27</subfield>
    <subfield code="e">doa&#xE7;&#xE3;o</subfield>
    <subfield code="l">0</subfield>
    <subfield code="o">853 / C168a</subfield>
    <subfield code="p">2025-0468</subfield>
    <subfield code="r">2025-01-23 08:06:13</subfield>
    <subfield code="w">2025-01-23</subfield>
    <subfield code="y">BK</subfield>
  </datafield>
  <datafield tag="999" ind1=" " ind2=" ">
    <subfield code="c">96</subfield>
    <subfield code="d">96</subfield>
  </datafield>
</record>
